Most Guessed Sporcle Answers Quiz Stats

 Plays Quiz Updated Oct 15, 2019

Score 0/20 Timer 04:00
21 Plays Today
Sporcle Quiz Most Guessed % Correct
U.S. StatesCalifornia/Texas
91.7%
3 Letter Body PartsEye
88.3%
Willy Wonka golden ticket winnersCharlie Bucket
80.7%
Pop-Tart Flavors(Unfrosted) Strawberry
66.4%
NBA TeamsLos Angeles Lakers
66%
Countries of AfricaEgypt
64.3%
Tom Hanks MoviesToy Story 4
58.7%
Traditional Monopoly PiecesCar
56.9%
Santa's ReindeerDancer
56.4%
7 Deadly SinsGreed
53.1%
Sporcle Quiz Most Guessed % Correct
BirthstonesRuby
51.7%
Euro Replaced CurrenciesFranc (Luxembourg, Belgium, France, Monaco)
50.3%
50 Greatest Cartoon CharactersBugs Bunny
45.8%
Things Rick Astley Will Never DoGive you up
43%
Northernmost World CapitalsMoscow, Russia
40.4%
Classical Simple MachinesLever
39%
U.S. States With No Major Sports TeamMaine
32.4%
Price is Right GamesPlinko
27.6%
Pieces from the game OperationBroken Heart
25.5%
English Helping Verbsis
16%

You're not logged in!

Compare scores with friends on all Sporcle quizzes.
OR
Log In

Sporcle TV

Today on Sporcle TV


Watch our educational content, quiz creation guides, and fun videos on Sporcle TV.

Show Comments

Extras

Top Quizzes Today


Score Distribution

Your Account Isn't Verified!

In order to create a playlist on Sporcle, you need to verify the email address you used during registration. Go to your Sporcle Settings to finish the process.

Report this User

Report this user for behavior that violates our Community Guidelines.

Details: